| 000 | 00399nam a2200157 4500 | ||
|---|---|---|---|
| 005 | 20260209161545.0 | ||
| 008 | 260209b |||||||| |||| 00| 0 eng d | ||
| 041 | _aEnglish | ||
| 082 | _a610 INC SB0077 | ||
| 100 | _aINC | ||
| 245 | _aSullabus Post basic B.SC. in Nursing | ||
| 260 |
_aNew Delhi _bIndian Nursing Council _c2018 |
||
| 300 |
_a66p _bpb |
||
| 365 |
_aRupaye _b100 _cINR |
||
| 942 | _cSB | ||
| 999 |
_c370397 _d370397 |
||